00545nam a22002057a 4500003000500000005001700005008004100022010001000063011001000073035001000083040000900093082001800102100001800120245005700138260003600195300003000231500004200261650001900303700001700322CHAP20220329133758.0971013s1973 mx r 00010 spa d a10775 a11747 a11026 cCHAP04a311bD6Y 197000aDownie, N. M.10aMétodos estadísticos aplicadosc/por N.M. Downie aMéxico, D. F. :bHarla,c1973 a373 p. :bilus., gráfs. aTrad. de al 3 ed. en inglés de 197004aEstadística.0 aHeath, R. W.